000 004920000a22001570004500
003 MACL
005 20190602164309.0
008 190602b xxu||||| |||| 00| 0 eng d
040 _aMACL
_cMACL
100 _aशंकर
_975207
245 _aएपार बांग्‍ला ओपार बांग्‍ला
260 _bराजकमल प्रकाशन
_c1982
_aदिल्‍ली
350 _a40
650 _aयात्रा
_975208
942 _cHIN
_k910
_2ddc
999 _c27841
_d27841